OSN a Arménska republika

17. septembra 1992 bola v New Yorku podpísaná medzi Spojenými národmi a Arménskou republikou vzájomná dohoda. Jej cieľom bolo vytvoriť kanceláriu OSN v Arménsku, ktorá by pomáhala podporiť národné úsilie pri riešení najdôležitejších problémov ekonomického rozvoja a zlepšenia životného štandardu obyv...

Descrizione completa

Salvato in:
Dettagli Bibliografici
Autore principale: Stepanyan, Ruben
Natura: Capitolo di libro
Lingua:slovacco
Soggetti:
Tags: Aggiungi Tag
Nessun Tag, puoi essere il primo ad aggiungerne!!

MARC

LEADER 00000nla$a2200000$$$4500
001 0082759
005 20240502071929.5
041 0 |a slo 
044 |a SK 
245 1 0 |a OSN a Arménska republika  |c Ruben Stepanyan 
520 |a 17. septembra 1992 bola v New Yorku podpísaná medzi Spojenými národmi a Arménskou republikou vzájomná dohoda. Jej cieľom bolo vytvoriť kanceláriu OSN v Arménsku, ktorá by pomáhala podporiť národné úsilie pri riešení najdôležitejších problémov ekonomického rozvoja a zlepšenia životného štandardu obyvateľstva. Vláda Arménska sa zaviazala pomáhať zabezpečovať potrebné informácie a vytvárať prostredie, ktoré umožní kancelárii OSN plne fungovať. Kancelárie organizácii, ktoré sú umiestnené v novej budobe v Jerevane a ich úlohy. 
610 2 0 |a spolupráca medzinárodná 
610 2 0 |a organizácie 
610 2 0 |a Arménsko 
610 2 0 |a dohody 
100 1 |a Stepanyan, Ruben